000 00972nam a2200205Ii 4500
003 JO-AjNU
008 230605s9999||||xx |||||||||||||| ||und||
017 _a2005/9/2177
040 _aJO-AjNU
_bara
_erda
_cJO-AjNU
041 _aara
050 1 4 _aDS63.2.U5 M6712 2005
100 3 _aتاليف الموسى، عصام سليمان، م. مشارك البطاينة، محمد راتب عامر؛ الصواف، هشام تقديم؛ العمر، محمد محمود راجع العربية؛ الموسى، عصام سليمان راجع النص,
_eauthor
_949564
245 0 0 _aالصورة العربية في الصحافة الأمريكية = The Arab image in the U. S. Press. Arabic
264 3 1 _aاربد: مؤسسة حمادة، 2005
300 _a238ص
336 _atext
_btxt
_2rdacontent
337 _aunmediated
_bn
_2rdamedia
338 _avolume
_bnc
_2rdacarrier
650 4 _aالصحافة- الولايات المتحدة الامريكية
_949565
999 _aA21777
_c25345
_d25345